[Event "13th World Teams Pool A"]
[Site "Jerusalem ISR"]
[Date "2022.11.21"]
[Round "4.2"]
[White "Li, Di"]
[Black "Kevlishvili, Robby"]
[Result "1-0"]
[WhiteElo "2539"]
[BlackElo "2536"]
[PlyCount "111"]
[EventDate "2022.11.20"]
[WhiteTeam "China"]
[BlackTeam "Netherlands"]
[WhiteTeamCountry "CHN"]
[BlackTeamCountry "NED"]

1. Nf3 d5 2. e3 Nf6 3. c4 e6 4. b3 Bd6 5. Bb2 O-O 6. Nc3 c5 7. cxd5 exd5 8. d4 Nc6 9. Be2 Re8 ({RR} 9... cxd4 10. Nxd4 Nxd4 11. Qxd4 Re8 12. Rd1 Be5 13. Qd2 Bf5 14. O-O Rc8 15. Bf3 Ne4 16. Nxe4 dxe4 17. Qxd8 Rcxd8 18. Rxd8 Rxd8 19. Bxe5 exf3 20. gxf3 Rd2 21. Kg2 Rxa2 22. Rc1 Rc2 23. Rxc2 Bxc2 24. b4 {Aronian,L (2764)-So,W (2778) Paris 2018 ½-½}) ({RR} 9... cxd4 10. Nxd4 Nxd4 11. Qxd4 Re8 12. O-O Be5 13. Qd2 d4 14. exd4 Qxd4 15. Qxd4 Bxd4 16. Bf3 Rb8 17. Rad1 Be5 18. Rfe1 Bg4 19. Bxg4 Nxg4 20. h3 Nf6 21. Na4 Bxb2 22. Nxb2 Rxe1+ 23. Rxe1 Kf8 24. Nc4 {Narayanan,S (2622)-Deac,B (2692) chess.com INT 2025 1-0 (70)}) 10. dxc5 Bxc5 11. O-O Be6 $146 ({RR} 11... Bd6 12. Nb5 Bb8 13. Rc1 a6 14. Nbd4 Qd6 15. g3 Bh3 16. Re1 Ba7 17. Qc2 Rac8 18. Qb1 Ne4 19. Qa1 Qh6 20. Nxc6 bxc6 21. Bd4 c5 22. Be5 f6 23. Bf4 g5 24. Bxa6 gxf4 25. Bxc8 fxg3 26. Bxh3 {Kiewra,K (2360)-Vazquez,G (2495) Chess.com INT 2019 0-1 (41)}) 12. Rc1 Qe7 13. Nb5 Ne4 14. Nbd4 Rac8 15. Nxe6 fxe6 16. Bd3 Nb4 17. Bb1 Bd6 18. Qe2 Nf6 19. Ne5 Nc6 20. Ng4 Nxg4 21. Qxg4 Ba3 22. Bxa3 Qxa3 23. h4 Qb2 24. Rcd1 Qf6 25. h5 Ne5 26. Qg3 Rc3 27. Rc1 Rxc1 28. Rxc1 Nc6 29. Rf1 Rf8 30. Qg4 Ne5 31. Qg3 Nc6 32. Qg4 Qh6 33. f4 Ne5 34. Qh3 Nd7 35. Rc1 Rf7 36. Rc8+ Nf8 37. Bd3 a6 38. Qg4 Qf6 39. Qg5 Qa1+ 40. Kh2 Qd1 41. h6 Qa1 42. Be2 Qf6 43. Bh5 g6 44. Qxf6 Rxf6 45. Bg4 Kf7 46. Rc7+ Ke8 47. Rxb7 d4 48. exd4 Rxf4 49. Be2 Nd7 50. Bxa6 Nf6 51. a4 g5 52. a5 Ng4+ 53. Kg3 Nxh6 54. Rxh7 Nf5+ 55. Kh2 Kf8 56. Bc4 1-0

[Event "Titled Tue 15th Nov Early"]
[Site "chess.com INT"]
[Date "2022.11.15"]
[Round "3"]
[White "Svane, R."]
[Black "Kryakvin, D."]
[Result "1-0"]
[WhiteElo "2619"]
[BlackElo "2505"]
[PlyCount "149"]
[EventDate "2022.11.15"]

1. Nf3 d5 2. g3 g6 3. Bg2 Bg7 4. d4 c6 5. O-O Nf6 6. c4 dxc4 7. a4 a5 ({RR} 7... Ne4 8. Nc3 Nxc3 9. bxc3 O-O 10. a5 c5 11. Qa4 Nc6 12. Rd1 cxd4 13. Nxd4 Nxd4 14. cxd4 Bg4 15. Ra2 Rc8 16. Bxb7 Rc7 17. a6 c3 18. Bf4 Rd7 19. d5 Bf5 20. Be3 c2 21. Rxc2 Bxc2 22. Qxc2 {Keymer,V (2690)-Le,Q (2728) Biel SUI 2023 1-0 (53)}) ({RR} 7... h6 8. Na3 Be6 9. Qc2 Na6 10. Bd2 c5 11. Ne5 Qc7 12. Bf4 g5 13. Nxf7 gxf4 14. Nxh8 Bxh8 15. Nb5 Qb6 16. Qg6+ Kf8 17. Qxh6+ Bg7 18. Qxf4 Rd8 19. Rfd1 Bf7 20. dxc5 Nxc5 21. Rxd8+ Qxd8 22. Nxa7 {Javakhishvili,L (2426)-Ushenina,A (2418) Monaco MNC 2025 ½-½}) ({RR} 7... h6 8. Na3 Be6 9. Qc2 Bd5 10. Nxc4 a5 11. Re1 Na6 12. Bd2 Bxc4 13. Qxc4 O-O 14. e3 e6 15. Ne5 Nd5 16. Nd3 Qb6 17. Rec1 Rfd8 18. b3 Rac8 19. Rab1 Nab4 20. Nxb4 Nxb4 21. Qc5 Qxc5 22. Rxc5 {Svane,R (2620)-Sevian,S (2687) chess.com INT 2023 ½-½ (78)}) 8. Na3 Na6 9. Nxc4 Nb4 $146 ({RR} 9... Be6 10. b3 Ne4 11. Bb2 O-O 12. e3 Bd5 13. Qe2 Nb4 14. Nfe5 Nd6 15. e4 Be6 16. Rad1 b5 17. Nd2 bxa4 18. bxa4 Bxe5 19. dxe5 Nb7 20. Nf3 Qb6 21. Qd2 Bg4 22. Qg5 Bxf3 23. Bxf3 Nc5 24. Qxe7 {Lammens,T (2249)-Ratsma,R (2234) Utrecht 2022 1-0 (53)}) 10. b3 Bf5 11. Ne1 O-O 12. Ba3 Be4 13. Bxb4 axb4 14. e3 Bxg2 15. Kxg2 Nd5 16. Rc1 Nc3 17. Qf3 b5 18. Nb2 bxa4 19. Nxa4 Nxa4 20. bxa4 Rxa4 21. Qxc6 Qa8 22. Nd3 Rb8 23. Qxa8 Raxa8 24. Rc4 b3 25. Rb1 Ra3 26. Rc3 h5 27. Nc5 e5 28. Rcxb3 Raxb3 29. Rxb3 Rxb3 30. Nxb3 exd4 31. exd4 Kf8 32. Kf3 Ke7 33. Ke4 Kd6 34. Nc1 f5+ 35. Kd3 g5 36. Ne2 Bf6 37. h3 g4 38. h4 Bd8 39. Nf4 Ba5 40. Nxh5 Be1 41. Ke2 Bc3 42. Ke3 Kd5 43. Kf4 Bxd4 44. Kxf5 Bxf2 45. Kxg4 Ke6 46. Kf3 Be1 47. Nf4+ Kf6 48. Ng2 Bc3 49. Kg4 Kg6 50. Nf4+ Kh6 51. Kf5 Be1 52. Kg4 Bf2 53. Nd3 Be3 54. Kf5 Kh5 55. Ke4 Ba7 56. Kf3 Kh6 57. g4 Bb6 58. Nf4 Bd8 59. Kg3 Be7 60. Kh3 Bd8 61. Ne6 Be7 62. Nd4 Kg6 63. Nf3 Bd8 64. Ne5+ Kf6 65. Nc6 Bc7 66. g5+ Kf5 67. Nd4+ Kg6 68. Kg4 Bd8 69. h5+ Kf7 70. Kf5 Bb6 71. Ne6 Ba5 72. g6+ Ke7 73. h6 Bc3 74. h7 Bb2 75. g7 1-0

[Event "Titled Tue 15th Nov Early"]
[Site "chess.com INT"]
[Date "2022.11.15"]
[Round "4"]
[White "Svane, R."]
[Black "Donchenko, Alexa"]
[Result "1-0"]
[WhiteElo "2619"]
[BlackElo "2645"]
[PlyCount "101"]
[EventDate "2022.11.15"]

1. Nf3 Nf6 2. g3 g6 3. Bg2 Bg7 4. O-O O-O 5. d4 d6 6. Re1 Bf5 7. Nbd2 d5 8. Nh4 Be6 9. c3 Nbd7 10. e4 dxe4 11. Nxe4 Nxe4 12. Bxe4 c6 13. Bg2 ({RR} 13. Nf3 Nf6 14. Bc2 Bg4 15. Qd3 Bf5 16. Qe2 Bxc2 17. Qxc2 Qd5 18. Kg2 Rfe8 19. Qb3 Qxb3 20. axb3 Nd7 21. Bf4 a6 22. Re2 c5 23. dxc5 Nxc5 24. b4 Nd7 25. Rd1 Nb6 26. Bc7 Na4 27. Rd7 Bf6 {Grandelius,N (2644)-Vlassov,N (2291) chess.com INT 2025 1-0 (53)}) 13... Bd5 $146 ({RR} 13... Nb6 14. Bf4 Qd7 15. Nf3 Bg4 16. Qb3 Be6 17. Qc2 Bf5 18. Qe2 Rae8 19. Ne5 Qc8 20. c4 Bh3 21. Bh1 Nd7 22. Rad1 Nxe5 23. Bxe5 Bg4 24. Bf3 Bxf3 25. Qxf3 Qf5 26. Qb3 Qd7 27. Bxg7 Kxg7 28. d5 {Svane,R (2637)-Korchmar,V (2438) chess.com INT 2024 ½-½ (116)}) 14. Bxd5 cxd5 15. Bg5 Re8 16. Nf3 Qb6 17. Re2 e6 18. h4 Nf6 19. Bxf6 Bxf6 20. h5 Qc7 21. Kg2 b5 22. Qd2 a5 23. Rh1 Bg7 24. hxg6 hxg6 25. Qg5 Qd8 26. Qg4 Qf6 27. Re3 Qf5 28. Qh4 Bf6 29. Qh7+ Kf8 30. Ne5 Bxe5 31. Rf3 Qxf3+ 32. Kxf3 Bf6 33. Qh6+ Kg8 34. Qf4 Bg7 35. Rc1 Reb8 36. a3 Bf8 37. Kg2 Rb7 38. Qf3 Rba7 39. Qd3 Rb7 40. Rc2 Rab8 41. Re2 Bd6 42. Rxe6 fxe6 43. Qxg6+ Kh8 44. Qxe6 Bf8 45. Qxd5 Bg7 46. Qd6 Rb6 47. Qc5 Re6 48. Qc7 Ra8 49. Qd7 Re2 50. Qxb5 Rd2 51. Qh5+ 1-0

[Event "Titled Tue 15th Nov Early"]
[Site "chess.com INT"]
[Date "2022.11.15"]
[Round "6"]
[White "Deac, Bogdan-Daniel"]
[Black "Harsha, B."]
[Result "1-0"]
[WhiteElo "2700"]
[BlackElo "2582"]
[PlyCount "117"]
[EventDate "2022.11.15"]

1. Nf3 Nf6 2. g3 g6 3. b3 Bg7 4. Bb2 O-O 5. Bg2 c5 6. c4 d6 7. d4 d5 8. cxd5 Nxd5 9. O-O Nc6 10. Qd2 cxd4 ({RR} 10... Qa5 11. Qxa5 Nxa5 12. Rc1 cxd4 13. Rc5 Nb4 14. Bxd4 b6 15. Bxg7 Kxg7 16. Rc1 Bb7 17. Nbd2 Rac8 18. a3 Nc2 19. Ra2 Nd4 20. Rxc8 Nxf3+ 21. Bxf3 Rxc8 22. Bxb7 Nxb7 23. a4 Rc3 24. b4 Nd6 25. a5 {Shahil,D (2374)-Vaz,E (2412) Chennai IND 2025 0-1 (40)}) 11. Nxd4 Nxd4 12. Bxd4 Be6 $146 ({RR} 12... Nf4 13. Bxg7 Qxd2 14. Nxd2 Nxe2+ 15. Kh1 Kxg7 16. Rfe1 Nd4 17. Rxe7 Rd8 18. h4 a5 19. Rc7 Ne6 20. Rc3 Rb8 {½-½ (20) Dizdarevic,E (2362)-Daakshin,A (2174) Arandjelovac SRB 2023}) 13. Bxg7 Kxg7 14. Rd1 Nf6 15. Bxb7 Qxd2 16. Nxd2 Rab8 17. Bf3 a5 18. Rdc1 Rfd8 19. Nc4 a4 20. bxa4 Rb4 21. Ne5 Rxa4 22. Nc6 Rd2 23. Nxe7 Raxa2 24. Rxa2 Rxa2 25. Nc6 Ra4 26. e3 h5 27. Nd4 Bg4 28. Bg2 Ra2 29. h3 Bd7 30. Rc2 Rxc2 31. Nxc2 Kf8 32. e4 Bc6 33. e5 Bxg2 34. Kxg2 Nd7 35. f4 f6 36. exf6 Nxf6 37. Kf3 Kf7 38. Nd4 Nd5 39. Nc6 Kf6 40. Ne5 Ne7 41. Nc4 Nf5 42. Ne3 Ne7 43. g4 hxg4+ 44. hxg4 Ke6 45. Ke4 Nc6 46. Nd5 Nd8 47. Nb4 Nb7 48. Nd3 Nd6+ 49. Kd4 Nb5+ 50. Ke3 Nd6 51. Kd4 Nb5+ 52. Kc4 Nd6+ 53. Kc5 Ne4+ 54. Kd4 Nf6 55. Nc5+ Kf7 56. g5 Nh5 57. Ke5 Ng3 58. Ne4 Nf5 59. Nd6+ 1-0

[Event "Titled Tue 15th Nov Early"]
[Site "chess.com INT"]
[Date "2022.11.15"]
[Round "7"]
[White "Bacrot, E."]
[Black "Jobava, Ba"]
[Result "1-0"]
[WhiteElo "2646"]
[BlackElo "2578"]
[PlyCount "81"]
[EventDate "2022.11.15"]

1. Nf3 d5 2. g3 c6 3. Bg2 Bf5 4. O-O e6 5. d3 Nf6 6. b3 Be7 7. Bb2 h6 8. Nbd2 O-O 9. Re1 Bh7 10. e4 Re8 ({RR} 10... Nbd7 11. Qe2 a5 12. a3 b5 13. h3 Qb6 14. Kh2 Rfc8 15. g4 a4 16. g5 hxg5 17. Nxg5 Bg6 18. f4 axb3 19. cxb3 Nh5 20. Qg4 Qf2 21. Ngf3 Ndf6 22. Qh4 Qxh4 23. Nxh4 Nxf4 24. Nxg6 Nxg6 25. Rf1 {Bluebaum,M (2642)-Kamsky,G (2658) Chess.com INT 2022 ½-½ (56)}) ({RR} 10... dxe4 11. dxe4 a5 12. a3 Qc7 13. Ne5 Nbd7 14. Nxd7 Qxd7 15. Qe2 Rfd8 16. Nc4 Qe8 17. Rad1 Qf8 18. h4 b5 19. Ne5 Bxa3 20. Bxa3 Qxa3 21. Rxd8+ Rxd8 22. Nxc6 Rc8 23. Qxb5 Bg6 24. Qb7 Re8 25. Qc7 {Slagboom,L (2326)-Bakija,A (2101) Hoogkerk NED 2024 1-0}) 11. Qe2 a5 12. a3 Na6 $146 ({RR} 12... Qc7 13. Rac1 Na6 14. Ne5 Bxa3 15. Bxa3 Qxe5 16. f4 Qc3 17. Kh1 Rad8 18. e5 Nd7 19. Qf2 Nb4 20. Nb1 Qc5 21. Qd2 Qb6 22. Nc3 c5 23. Na4 Qc7 24. d4 b6 25. Nc3 Nxc2 26. Rxc2 Bxc2 27. Nb5 {Wiest,G (2105)-Schlinkmeier,K (2160) Bayern 2002 0-1 (38)}) 13. Rad1 Nc5 14. Ne5 Nfd7 15. Ng4 Bf8 16. h4 f5 17. Ne5 Nxe5 18. Bxe5 Nd7 19. Bb2 f4 20. e5 a4 21. b4 c5 22. bxc5 Bxc5 23. d4 Qb6 24. Nc4 dxc4 25. dxc5 Qxb2 26. Rxd7 fxg3 27. Qg4 gxf2+ 28. Kh2 g6 29. Qf4 Rf8 30. Qxh6 Rf7 31. Rxf7 Kxf7 32. Qxh7+ Ke8 33. Qxg6+ Kd7 34. Qf7+ Kc8 35. Qf8+ Kc7 36. Qd6+ Kc8 37. Qxe6+ Kb8 38. Qd6+ Ka7 39. Qb6+ Qxb6 40. cxb6+ Kxb6 41. Rf1 1-0

[Event "Titled Tue 15th Nov Early"]
[Site "chess.com INT"]
[Date "2022.11.15"]
[Round "8"]
[White "Nakamura, Hi"]
[Black "Vokhidov, Shamsiddin"]
[Result "1-0"]
[WhiteElo "2768"]
[BlackElo "2568"]
[PlyCount "53"]
[EventDate "2022.11.15"]

1. Nf3 c5 2. g3 g6 3. e4 Bg7 4. d4 cxd4 5. Nxd4 Nc6 6. Ne2 d6 ({RR} 6... h5 7. h3 d6 8. Bg2 Bd7 9. Nbc3 Nf6 10. Be3 Ne5 11. b3 Rc8 12. f4 Nc6 13. Qd2 Qa5 14. Rc1 Nd8 15. a4 h4 16. g4 Nxg4 17. hxg4 h3 18. Bf1 Bxg4 19. Nd5 Qxd2+ 20. Kxd2 e6 21. Ndc3 {Romanishin,O (2585)-Chekhov,V (2510) Sochi 1983 1-0 (42)}) ({RR} 6... b6 7. Bg2 Ba6 8. a4 Nf6 9. O-O Rc8 10. Nbc3 Nb4 11. h3 d6 12. Re1 O-O 13. Be3 Nd7 14. Nd4 Bb7 15. a5 bxa5 16. Qd2 Nb6 17. b3 d5 18. Rxa5 e5 19. Bg5 Nc4 20. bxc4 Qxa5 21. Nb3 {Skvortsov,A (2313)-Nakamura,H (2775) chess.com INT 2023 0-1 (44)}) 7. Bg2 f5 $146 ({RR} 7... Nf6 8. O-O Rb8 9. Nbc3 b5 10. Nd5 Nd7 11. c3 e6 12. Ne3 Nc5 13. Nd4 Bd7 14. Nb3 Nb7 15. f4 O-O 16. f5 Ne5 17. Nd4 Nc5 18. Ng4 h5 19. fxe6 hxg4 20. exd7 Qxd7 21. Nc2 Ncd3 22. Ne3 {Rubzova,T (2309)-Ryjanova,J (2409) St Petersburg 2002 0-1 (50)}) ({RR} 7... Be6 8. Nf4 Bc4 9. a4 Ba6 10. Na3 Qa5+ 11. c3 Rc8 12. Bd2 Qe5 13. Nd5 Nf6 14. f4 Qe6 15. Nxf6+ Bxf6 16. Nb5 Qc4 17. Qe2 Na5 18. Be3 O-O 19. Bxa7 Qxe2+ 20. Kxe2 Nc4 21. Rhb1 Ra8 22. Bd4 {Berchtenbreiter,M (2493)-Wagner,D (2580) Austria AUT 2023 0-1 (51)}) 8. exf5 Bxf5 9. O-O Nf6 10. c4 O-O 11. Nbc3 Qd7 12. b3 Bh3 13. Bxh3 Qxh3 14. Nf4 Qd7 15. Bb2 Ne4 16. Qd5+ Kh8 17. Qxe4 e5 18. Nfe2 Rae8 19. Nd5 Nd8 20. Rae1 Ne6 21. h4 Nc5 22. Qe3 Qh3 23. Ba3 Ne6 24. Bxd6 Rf5 25. Qe4 g5 26. Qg2 Qg4 27. f3 1-0

[Event "Titled Tue 15th Nov Early"]
[Site "chess.com INT"]
[Date "2022.11.15"]
[Round "8"]
[White "Grandelius, N."]
[Black "Tregubov, P."]
[Result "1-0"]
[WhiteElo "2657"]
[BlackElo "2553"]
[PlyCount "69"]
[EventDate "2022.11.15"]

1. Nf3 Nf6 2. g3 c5 3. Bg2 Nc6 4. O-O d5 5. d4 cxd4 6. Nxd4 e5 7. Nxc6 bxc6 8. c4 Be6 9. Bg5 Rc8 10. Bxf6 gxf6 11. Qa4 Qd7 12. e3 d4 13. exd4 exd4 14. Nd2 c5 15. Qd1 h5 $146 ({RR} 15... Bd6 16. Re1 h5 17. Qf3 Qe7 18. Ne4 Be5 19. Qa3 Kf8 20. f4 Bb8 21. Qd3 h4 22. Rf1 Kg7 23. Rae1 Qb7 24. b3 Bf5 25. Qf3 Rh6 26. Kf2 Bg4 27. Qd3 {½-½ (27) Levin,G (2435)-Godart,F (2377) Vrnjacka Banja SRB 2024}) 16. Ne4 Be7 17. Qf3 f5 18. Nd2 h4 19. Rfe1 Kf8 20. Rad1 Bg5 21. Qa3 Be7 22. Nf3 Bd6 23. Ne5 Qe7 24. Nc6 Qf6 25. Nxd4 hxg3 26. Nxe6+ fxe6 27. Rxd6 gxf2+ 28. Kxf2 Rxh2 29. Qg3 Qxb2+ 30. Re2 Qh8 31. Rdxe6 Qh4 32. Qxh4 Rxh4 33. Bd5 Rb8 34. Rf6+ Kg7 35. Rxf5 1-0

[Event "Titled Tue 15th Nov Early"]
[Site "chess.com INT"]
[Date "2022.11.15"]
[Round "11"]
[White "Jones, G."]
[Black "Abdusattorov, Nodirbek"]
[Result "1-0"]
[WhiteElo "2623"]
[BlackElo "2713"]
[PlyCount "169"]
[EventDate "2022.11.15"]

1. Nf3 d5 2. g3 Nc6 3. d4 Bf5 4. Bg2 Nb4 5. Na3 e6 6. O-O Be7 7. Ne5 Nf6 8. c3 Nc6 9. Qa4 O-O 10. Nxc6 bxc6 11. Qxc6 h5 ({RR} 11... Rb8 12. Qa4 h5 13. Nc2 h4 14. Nb4 h3 15. Bf3 Ne4 16. Bxe4 Bxe4 17. Nc6 Qd7 18. b3 Bd6 19. Nxb8 Qxa4 20. bxa4 Rxb8 21. f3 Bf5 22. Bf4 Rb2 23. Bxd6 cxd6 24. Rf2 Rb6 25. Rc1 g5 26. g4 {Grischuk,A (2745)-Duda,J (2731) chess.com INT 2022 1-0 (58)}) ({RR} 11... Rb8 12. Qa4 h5 13. Nc2 {½-½ (13) Davies,N (2294)-Wang Pin (2389) Prague CZE 2025}) 12. c4 ({RR} 12. Bf4 h4 13. c4 h3 14. Bf3 Rb8 15. cxd5 Nxd5 16. e4 Nb4 17. Qc3 Bg6 18. Bxc7 Qd7 19. Bxb8 Rxb8 20. Rfc1 Bf6 21. Rd1 a5 22. Nc4 Rc8 23. b3 Qa7 24. a3 Nc6 25. e5 Be7 26. Nd6 Bxd6 {Jones,G (2618)-Sadhwani,R (2603) chess.com INT 2023 1-0 (41)}) 12... Rb8 13. cxd5 $146 ({RR} 13. Qa6 Qd7 14. c5 c6 15. b3 h4 16. Bf4 Rb4 17. Rfd1 h3 18. Bf1 Nh5 19. Be3 g5 20. Rac1 Qc7 21. Nc2 Rb5 22. Bd2 Rb7 23. Nb4 Rc8 24. Nd3 f6 25. b4 Ng7 26. f3 Kf7 27. Nf2 Rcb8 {Daneshvar,B (2584)-Khudyakov,S (2230) Khanty-Mansiysk RUS 2024 1-0 (40)}) 13... exd5 14. h4 Ne4 15. Nc2 Rb6 16. Qa4 Bd7 17. Qa5 Bb5 18. Ne3 Bxe2 19. Nxd5 Rb5 20. Qxc7 Rxd5 21. Qxd8 Rdxd8 22. Re1 Rxd4 23. Be3 Rb4 24. Rxe2 Bf6 25. Bxa7 Ra4 26. Be3 Rc8 27. Rc1 Rxc1+ 28. Bxc1 Nc5 29. b3 Rd4 30. Bb2 Rd1+ 31. Kh2 Bxb2 32. Rxb2 Nd3 33. Rc2 g6 34. Be4 Ne5 35. Kg2 Ra1 36. b4 Kg7 37. Rb2 Nc4 38. Rc2 Na3 39. Re2 Nb5 40. Bd3 Nc3 41. Rb2 Nxa2 42. b5 Nc1 43. Bf1 Ra7 44. b6 Rb7 45. Ba6 Rb8 46. b7 Kf6 47. Rb1 Na2 48. Rb3 Ke5 49. Kf3 Kd4 50. Kf4 Nc3 51. Rb4+ Kd5 52. Kg5 Ne4+ 53. Kh6 Nc5 54. Bf1 Ke5 55. Bg2 Kf6 56. Kh7 Ne6 57. Rb6 Ke7 58. Bd5 Nf8+ 59. Kg7 Nd7 60. Rb2 Ne5 61. Re2 Kd6 62. Rd2 Ke7 63. f4 Ng4 64. Re2+ Kd6 65. Bxf7 Rxb7 66. Kxg6 Ra7 67. Re6+ Kc5 68. f5 Ra3 69. Kxh5 Rxg3 70. Rg6 Nf6+ 71. Rxf6 Kd4 72. Be6 Rh3 73. Kg4 Rh1 74. Rg6 Ke5 75. Kg5 Rg1+ 76. Kh6 Rh1 77. h5 Ra1 78. Bc8 Ra8 79. Rg8 Kf6 80. Be6 Ra7 81. Rf8+ Ke5 82. Kg6 Ra2 83. h6 Rg2+ 84. Kf7 Rh2 85. Kg7 1-0

[Event "Titled Tue 15th Nov Early"]
[Site "chess.com INT"]
[Date "2022.11.15"]
[Round "11"]
[White "Terry, R."]
[Black "Xiong, Jeffery"]
[Result "1-0"]
[WhiteElo "2516"]
[BlackElo "2692"]
[PlyCount "227"]
[EventDate "2022.11.15"]

1. Nf3 Nf6 2. b3 b5 3. Bb2 Bb7 4. g3 Bxf3 ({RR} 4... g6 5. Bg2 Bg7 6. O-O O-O 7. c4 b4 8. d3 c5 9. e4 d6 10. Nbd2 a5 11. Rb1 Nc6 12. Re1 Nd7 13. Bxg7 Kxg7 14. h4 e5 15. Bh3 Nb6 16. Nh2 a4 17. Nhf1 Nd4 18. Ne3 axb3 19. axb3 {Otsuka,S (2323)-Panin,M (2189) chess.com INT 2025 0-1 (32)}) 5. exf3 a6 6. f4 e6 $146 ({RR} 6... c5 7. Bg2 Nc6 8. O-O e6 9. a4 b4 10. d4 cxd4 11. Nd2 Be7 12. Nf3 Rc8 13. Ne5 O-O 14. Nxc6 dxc6 15. Qxd4 Qc7 16. Qc4 a5 17. Be5 Qb6 18. Bd4 c5 19. Be5 Ng4 20. Rad1 Bf6 21. Rd6 {Idrisov,I (2282)-Ozer,O (2317) Chess.com INT 2022 0-1 (71)}) 7. a4 b4 8. Bg2 c6 9. O-O Be7 10. d3 O-O 11. Nd2 d5 12. Re1 a5 13. Nf3 Nfd7 14. Bh3 Bf6 15. Ne5 Qc7 16. Rb1 Nxe5 17. fxe5 Be7 18. f4 g6 19. g4 Nd7 20. Qe2 Rae8 21. Kh1 f5 22. Rg1 Kh8 23. gxf5 exf5 24. Rg2 Nc5 25. Rbg1 Ne6 26. Rxg6 hxg6 27. Rxg6 Nxf4 28. e6+ Bf6 29. Rxf6 Rxf6 30. Bxf6+ Kg8 31. Qf3 Rxe6 32. Qg3+ Kf8 33. Bg5 Re1+ 34. Qxe1 Nxh3 35. Be3 Qe7 36. Qg3 f4 37. Bxf4 Nxf4 38. Qxf4+ Ke8 39. Qb8+ Kf7 40. Qf4+ Ke8 41. Kg2 Qe2+ 42. Qf2 Qg4+ 43. Kf1 Kd7 44. Ke1 Kc8 45. Qg3 Qd4 46. Qf2 Qa1+ 47. Ke2 Qe5+ 48. Kf1 Qa1+ 49. Kg2 Qg7+ 50. Qg3 Qb2 51. Qf2 Qg7+ 52. Kf3 Kb7 53. Ke2 Qb2 54. Kd2 Qc3+ 55. Ke3 Qe5+ 56. Kf3 Qf6+ 57. Kg2 Qg7+ 58. Kh3 Qh8+ 59. Qh4 Qc3 60. Qe7+ Kb6 61. Qe3+ Kb7 62. Qe2 Qh8+ 63. Kg3 Qg7+ 64. Qg4 Qc3 65. Qe2 Qg7+ 66. Kf2 Qf6+ 67. Ke1 Qc3+ 68. Qd2 Qa1+ 69. Kf2 Qf6+ 70. Kg3 Qg7+ 71. Kh4 Qh8+ 72. Kg4 Qg7+ 73. Qg5 Qd4+ 74. Qf4 Qg7+ 75. Kf3 Qb2 76. Qd2 Qf6+ 77. Kg4 Qg7+ 78. Kh5 Qh8+ 79. Qh6 Qe5+ 80. Kg6 Qe2 81. h4 Qxc2 82. Qg7+ Kb6 83. Qd4+ Kb7 84. h5 Qg2+ 85. Kh7 Qf3 86. h6 Ka6 87. Kg7 Qg3+ 88. Kh8 Qb8+ 89. Kh7 Qg3 90. Qc5 Qxd3+ 91. Kg7 Qg3+ 92. Kh8 Qb8+ 93. Kg7 Qc7+ 94. Kg6 Qg3+ 95. Kh7 Kb7 96. Qe7+ Kb6 97. Qd8+ Kb7 98. Qe7+ Ka6 99. Kh8 Qb8+ 100. Kg7 Qg3+ 101. Kf7 Qf4+ 102. Qf6 Qc7+ 103. Kg6 Qg3+ 104. Kh5 Qh3+ 105. Kg6 Qg4+ 106. Kf7 Qd7+ 107. Kg8 Qg4+ 108. Kf8 Qc8+ 109. Ke7 Qc7+ 110. Ke6 Qh7 111. Kd6 Kb6 112. Qd8+ Ka6 113. Qa8+ Kb6 114. Qxc6+ 1-0

[Event "Titled Tue 15th Nov Late"]
[Site "chess.com INT"]
[Date "2022.11.15"]
[Round "3"]
[White "Svane, R."]
[Black "Beerdsen, Thomas"]
[Result "1-0"]
[WhiteElo "2619"]
[BlackElo "2520"]
[PlyCount "49"]
[EventDate "2022.11.15"]

1. Nf3 b5 2. g3 Bb7 3. Bg2 g5 ({RR} 3... g6 4. O-O Bg7 5. d3 c5 6. e4 d6 7. a4 b4 8. c3 a5 9. cxb4 axb4 10. Nbd2 Nf6 11. Nc4 O-O 12. Re1 Nc6 13. e5 Nd5 14. exd6 exd6 15. Bg5 Qd7 16. Nfd2 Nd4 17. Ne4 Ra6 18. a5 {Sadikhov,U (2479)-Shimanov,A (2614) Chess.com INT 2019 0-1 (40)}) ({RR} 3... a6 4. d4 e6 5. a4 c5 6. axb5 axb5 7. Rxa8 Bxa8 8. O-O Nf6 9. c3 Be7 10. Qb3 Qa5 11. Na3 b4 12. Nc4 Qa6 13. dxc5 Bd5 14. Nfe5 Bxc5 15. cxb4 Qb7 16. Bxd5 Nxd5 17. b5 O-O 18. Nd3 {Khodzhamkuliev,B (2137)-Zhang,E (2261) chess.com INT 2024 0-1 (49)}) 4. h3 Bg7 5. d3 $146 ({RR} 5. c3 h6 6. d3 e6 7. a4 bxa4 8. Qxa4 Ne7 9. Be3 O-O 10. O-O f5 11. h4 f4 12. Bd4 Bc6 13. Qb3 g4 14. Ne5 Bxg2 15. Kxg2 Bxe5 16. Bxe5 f3+ 17. exf3 gxf3+ 18. Kh2 Nbc6 19. d4 Ng6 {Thompson,R (1962)-Basman,M (2340) Daventry 2013 ½-½ (61)}) 5... h6 6. e4 c5 7. a4 bxa4 8. O-O Nc6 9. Nc3 d6 10. Rxa4 e6 11. Be3 Nge7 12. d4 cxd4 13. Nxd4 O-O 14. Qd2 Ng6 15. Ndb5 d5 16. exd5 exd5 17. Nxd5 Nce5 18. Bc5 Re8 19. Nd6 Bc6 20. Nxe8 Qxe8 21. Ra6 Rd8 22. Re1 Qe6 23. Rxc6 Qxc6 24. Ne7+ Kh7 25. Qxd8 1-0

[Event "Titled Tue 15th Nov Late"]
[Site "chess.com INT"]
[Date "2022.11.15"]
[Round "7"]
[White "Pichot, A."]
[Black "Yoo, Christopher Woojin"]
[Result "1-0"]
[WhiteElo "2637"]
[BlackElo "2573"]
[PlyCount "71"]
[EventDate "2022.11.15"]

1. Nf3 Nf6 2. e3 b6 3. b3 Bb7 4. Bb2 e6 5. Be2 Be7 6. O-O O-O 7. a4 ({RR} 7. d4 d5 8. Nbd2 Nbd7 9. c4 c5 10. Rc1 Rc8 11. Re1 h6 12. a3 a6 13. h3 cxd4 14. Nxd4 dxc4 15. Nxc4 b5 16. Nd2 Qb6 17. Bf3 Nc5 18. Bxb7 Qxb7 19. Qe2 Rfd8 20. Red1 Nd5 21. N4f3 a5 {Darini,P (2431)-Matlakov,M (2674) Chess.com INT 2022 0-1 (67)}) ({RR} 7. d4 d5 8. Nbd2 Nbd7 9. c4 c5 10. Rc1 Rc8 11. h3 h6 12. Re1 Qc7 13. Qc2 Qb8 14. dxc5 Nxc5 15. Qb1 Nce4 16. Nxe4 Nxe4 17. Bd3 Bf6 18. Bxe4 dxe4 19. Nd4 Rfd8 20. Rcd1 Qe5 21. Ba1 Qg5 {Haug,H (2308)-Jaiveer,M (2294) chess.com INT 2024 1-0 (46)}) 7... a6 $146 ({RR} 7... a5 8. d3 d6 9. Nbd2 Nbd7 10. Kh1 d5 11. Ne5 Nxe5 12. Bxe5 Nd7 13. Bb2 Bf6 14. Bxf6 Qxf6 15. f4 e5 16. Bg4 Rad8 17. f5 e4 18. d4 Qg5 19. Rf4 Nf6 20. Be2 c5 21. c3 cxd4 22. cxd4 {Kuncar,P (2121)-Meduna,E (2083) Czech Republic 2013 0-1 (42)}) 8. a5 b5 9. c4 b4 10. d4 c5 11. Nbd2 d6 12. Qc2 Nbd7 13. Rfd1 Qc7 14. Nf1 Rfe8 15. Ng3 Bf8 16. h3 e5 17. dxe5 dxe5 18. Rd2 e4 19. Nh4 g6 20. Rad1 Ne5 21. Qb1 Qe7 22. Nhf5 gxf5 23. Nxf5 Qe6 24. Nd6 Bxd6 25. Rxd6 Qf5 26. Rb6 Bc8 27. Qa1 Nfd7 28. Rbd6 f6 29. R1d5 Qg6 30. Qa4 Bb7 31. Rxd7 Bc6 32. Qxc6 Nxc6 33. Bh5 Qh6 34. Bf7+ Kh8 35. Rh5 Qxh5 36. Bxf6# 1-0

[Event "Titled Tue 15th Nov Late"]
[Site "chess.com INT"]
[Date "2022.11.15"]
[Round "8"]
[White "Svane, R."]
[Black "Zhigalko, S."]
[Result "1-0"]
[WhiteElo "2619"]
[BlackElo "2572"]
[PlyCount "95"]
[EventDate "2022.11.15"]

1. Nf3 d5 2. g3 Nf6 3. Bg2 Bf5 4. c4 c6 5. Qb3 Qc8 6. O-O e6 7. d3 Nbd7 ({RR} 7... Be7 8. Nc3 Nbd7 9. Be3 O-O 10. Rac1 Re8 11. Nd4 Bg6 12. cxd5 exd5 13. Nxd5 Nxd5 14. Bxd5 Nc5 15. Nxc6 Nxb3 16. Nxe7+ Rxe7 17. Rxc8+ Rxc8 18. Bxb3 a6 19. Kg2 Kh8 20. Re1 f6 21. Bd4 Bf7 22. Bxf7 {Warmerdam,M (2625)-Turzo,A (2278) chess.com INT 2024 0-1 (121)}) 8. cxd5 exd5 9. Nc3 Be7 10. Qc2 $146 ({RR} 10. Bf4 O-O 11. Nd4 Bg6 12. Rac1 Nc5 13. Qd1 Qd8 14. b4 Ne6 15. Nxe6 fxe6 16. Bh3 Bxb4 17. Bxe6+ Bf7 18. Bxf7+ Rxf7 19. Qb3 Qe7 20. Rc2 Ng4 21. h3 Bxc3 22. Qxc3 Rxf4 23. gxf4 Qh4 24. d4 Nf6 {Krockenberger,M (2294)-Altenhof,M (2262) Wuerttemberg 2003 0-1 (59)}) 10... h6 11. e4 dxe4 12. dxe4 Bh7 13. Be3 O-O 14. h3 Re8 15. Rfe1 Bb4 16. Nd2 Nc5 17. Bd4 Ncd7 18. a3 Bc5 19. Nb3 Bxd4 20. Nxd4 Qc7 21. Re3 Rad8 22. Rae1 Ne5 23. Nb3 Qb6 24. R3e2 Nd3 25. Rd1 Ne5 26. Rde1 Nd3 27. Rd1 Ne5 28. Rf1 Rd3 29. Kh1 Red8 30. Nc1 R3d7 31. Rfe1 Nh5 32. Na4 Qb5 33. Nc5 Rd4 34. b4 a5 35. N5b3 Rc4 36. Qb2 a4 37. Nc5 b6 38. Qxe5 bxc5 39. Qxh5 Rxc1 40. Rxc1 Bg6 41. Qf3 cxb4 42. axb4 Qxb4 43. Qc3 Qb5 44. Rb2 Qa6 45. Qxc6 Qa7 46. Qc7 Qa8 47. Ra2 Rd4 48. Qc8+ 1-0